Estatísticas para Municípios do Rio de Janeiro em um Mapa

Clique aqui para jogar o quiz

Estatísticas Gerais

  • Esse quiz foi jogado 485 vezes
  • A pontuação média é 42 de 92

Respostas no mapa

Respostas codificadas por cores de uma escala verde-vermelha no mapa do quiz de acordo com a % correta abaixo.
Carregando ...
 

Estatísticas das Respostas

Município% Correto
Rio de Janeiro
99%
Niterói
95%
Duque de Caxias
89%
Angra dos Reis
88%
Cabo Frio
86%
Petrópolis
85%
São Gonçalo
83%
Campos dos Goytacazes
83%
Volta Redonda
82%
Nova Iguaçu
81%
Teresópolis
80%
Macaé
80%
Paraty
80%
Belford Roxo
76%
Resende
74%
Arraial do Cabo
72%
Nova Friburgo
72%
Nilópolis
71%
Magé
70%
São João de Meriti
66%
Saquarema
65%
Maricá
64%
Rio das Ostras
62%
Mangaratiba
61%
Vassouras
59%
Queimados
58%
Araruama
57%
Armação dos Búzios
56%
Seropédica
56%
Mesquita
55%
Barra Mansa
54%
Itaboraí
53%
Itaguaí
51%
Três Rios
51%
Itatiaia
47%
Barra do Piraí
47%
São Pedro da Aldeia
45%
Piraí
43%
Japeri
43%
Quissamã
42%
Paraíba do Sul
41%
Paracambi
41%
Guapimirim
41%
Cachoeiras de Macacu
41%
Valença
40%
Itaperuna
40%
Iguaba Grande
39%
Rio Bonito
39%
Porto Real
38%
Miguel Pereira
36%
Varre-Sai
36%
Tanguá
36%
São João da Barra
36%
Areal
35%
Rio Claro
33%
Bom Jesus do Itabapoana
33%
Comendador Levy Gasparian
31%
Rio das Flores
31%
Casimiro de Abreu
30%
São Fidélis
30%
Paty do Alferes
29%
Silva Jardim
29%
Cantagalo
29%
São José do Vale do Rio Preto
28%
São Francisco de Itabapoana
28%
Santa Maria Madalena
28%
Mendes
28%
Macuco
28%
Natividade
27%
Duas Barras
27%
Porciúncula
27%
Bom Jardim
26%
Quatis
26%
Carmo
26%
Itaocara
25%
Engenheiro Paulo de Frontin
24%
Aperibé
24%
Laje do Muriaé
23%
Sapucaia
23%
Cordeiro
22%
Cardoso Moreira
22%
Italva
22%
Pinheiral
22%
Santo Antônio de Pádua
21%
Miracema
21%
São Sebastião do Alto
20%
Sumidouro
19%
Conceição de Macabu
19%
Carapebus
18%
Trajano de Moraes
18%
Cambuci
17%
São José de Ubá
15%

Distribuição das Pontuações

Percentil de Números Respondidos

Porcentagem de Pessoas com Cada Pontuação

Sua Pontuação Histórica

Você não jogou esse quiz